Hands-on QuickBASIC

Gespeichert in:
Bibliographische Detailangaben
1. Verfasser: Goldstein, Larry Joel
Format: Buch
Sprache:Englisch
Veröffentlicht: New York Brady 1989
Ausgabe:1. ed.
Tags: Tag hinzufügen
Keine Tags, Fügen Sie das erste Tag hinzu!

MARC

LEADER 00000nam a2200000 4500
001 c038390
005 20221215113901.4
041 0 |a eng 
044 |a US 
245 1 0 |a Hands-on QuickBASIC  |c Larry Joel Goldstein 
250 |a 1. ed. 
264 1 |a New York  |b Brady  |c 1989 
300 |a 549 s. 
100 1 |a Goldstein, Larry Joel